| 000 | 01487cam a2200361 a 4500 | ||
|---|---|---|---|
| 001 | 1169315 | ||
| 003 | OSt | ||
| 005 | 20230619155253.0 | ||
| 008 | 950913s1995 nyua bs i000 0 eng d | ||
| 010 | _a 96137015 | ||
| 020 | _a9211613728 | ||
| 035 | _a(OCoLC)33126367 | ||
| 040 |
_aDJBF _cDJBF _dDLC |
||
| 042 | _alccopycat | ||
| 082 | 0 | 0 |
_a305.40 _bUN |
| 245 | 0 | 4 |
_aThe world's women, 1995 : _btrends and statistics. |
| 260 |
_aNew York : _bUnited Nations, _c1995. |
||
| 300 |
_axxiv, 188 p. : _bcol. ill. ; _c28 cm. |
||
| 440 | 0 |
_aSocial statistics and indicators. _pSeries K ; _vno. 12 |
|
| 500 | _a"Second edition"--Fwd. | ||
| 500 | _aUpdated ed. of: The world's women, 1970-1990. 1991. | ||
| 500 | _a"United Nations publication sales no. E.95.XVII.2"--T.p. verso. | ||
| 500 | _a"ST/ESA/STAT/SER.K/12." | ||
| 500 |
_aEditions for 2005- cataloged as a serial in LC _5DLC |
||
| 504 | _aIncludes bibliographical references (p. [187]-188). | ||
| 505 | 0 | _aPopulation, households and families -- Population growth, distribution and environment -- Health -- Education and training -- Work -- Power and influence. | |
| 650 | 0 |
_aWomen _xStatistics. |
|
| 710 | 2 | _aUnited Nations. | |
| 730 | 0 | _aWorld's women, 1970-1990. | |
| 906 |
_a7 _bcbc _ccopycat _d2 _encip _f19 _gy-gencatlg |
||
| 942 |
_2ddc _cBK |
||
| 999 |
_c1405 _d1405 |
||